Una actualizacin̤ sobre el mercado mundial de petrl̤eo
Este artc̕ulo muestra de una forma consistente el manejo econm̤ico del petrl̤eo, as ̕como una mirada sobre cm̤o se conforman sus precios en el mundo y como štos pueden mejorar a travš de ciertos manejos.Revisa el debate abierto sobre el cňit de la produccin̤ del petrl̤eo, criticando las posturas...
Saved in:
| 其他作者: | , |
|---|---|
| 格式: | 圖書 |
| 語言: | 西班牙语 |
| 主題: | |
| 在線閱讀: | Una actualizacin̤ sobre el mercado mundial de petrl̤eo |
| 標簽: |
添加標簽
沒有標簽, 成為第一個標記此記錄!
|
MARC
| LEADER | 00000nam a22000004a 4500 | ||
|---|---|---|---|
| 001 | vpro4001 | ||
| 005 | 20201223000000.0 | ||
| 008 | 121204s2009 ck # g## #001 0#spa#d | ||
| 020 | |||
| 022 | |a 0422-2784 | ||
| 040 | |a CO-BoINGC | ||
| 041 | 0 | |a spa | |
| 245 | 1 | 0 | |a Una actualizacin̤ sobre el mercado mundial de petrl̤eo |
| 246 | |a An update on the global oil market | ||
| 264 | |a Bogot ̀(Colombia) : |b Revista VirtualPRO, |c 2009 | ||
| 520 | 3 | |a Este artc̕ulo muestra de una forma consistente el manejo econm̤ico del petrl̤eo, as ̕como una mirada sobre cm̤o se conforman sus precios en el mundo y como štos pueden mejorar a travš de ciertos manejos.Revisa el debate abierto sobre el cňit de la produccin̤ del petrl̤eo, criticando las posturas optimistas indebidamente justificadas, poniendo de manifiesto la escasez previsible de recursos energťicos y la influencia que tendr ̀en los precios.Asimismo, se destaca el regreso de la OPEP al control del mercado de petrl̤eo y la irrupcin̤ de las compaą̕s petroleras estatales de los pas̕es productores. | |
| 650 | \ | \ | |a Ingeniera̕ de petrl̤eos |
| 650 | \ | \ | |a Industria del petrl̤eo |
| 650 | \ | \ | |a Refinera̕s de petrl̤eo |
| 650 | \ | \ | |a Tecnologa̕ del petrl̤eo |
| 650 | \ | \ | |a Petroleum engineering |
| 650 | \ | \ | |a Petroleum industry |
| 650 | \ | \ | |a Petroleum refineries |
| 650 | \ | \ | |a Petroleum technology |
| 650 | \ | \ | |a Mercado del petrl̤eo |
| 650 | \ | \ | |a Economa̕ de la energa̕ |
| 650 | \ | \ | |a Produccin̤ de petrl̤eo |
| 650 | \ | \ | |a Comercio petrl̤eo |
| 650 | \ | \ | |a Oil market |
| 650 | \ | \ | |a Energy economy |
| 650 | \ | \ | |a Oil |
| 650 | \ | \ | |a Oil trade |
| 700 | \ | \ | |a Banks Ferdinand E. |
| 700 | \ | \ | |a Ministerio de Industria, Energa̕ y Turismo |
| 856 | |z Una actualizacin̤ sobre el mercado mundial de petrl̤eo |u https://virtualpro.unach.elogim.com/biblioteca/una-actualizacion-sobre-el-mercado-mundial-de-petroleo | ||